| 000 | 00529nam a22001337a 4500 | ||
|---|---|---|---|
| 040 | _cNUST | ||
| 082 | _aPRO 220 | ||
| 100 |
_aAhmer Adnan Malik Shaheer Habib Malik M. Taimoor Waleed Abdullah _9100431 |
||
| 110 |
_aProject Supervisor Dr. Tayyab Zafar Dr. Mubasher Saleem _9100432 |
||
| 245 | _aPR-SOF-2146- Design, Development, Fabrication and Testing of Meso-Scale Accelerometers Using Capacitive and Hall Effect Sensing | ||
| 260 |
_aISLAMABAD: _bNUST COLLEGE OF EME, _c2022. |
||
| 650 |
_aDE-MTS-40 _998604 |
||
| 942 |
_2ddc _cPR |
||
| 999 |
_c591859 _d591859 |
||